LEADER 01549nam0 2200397 450 001 000029372 005 20111220075109.0 010 $a978-88-95161-37-2 100 $a20111111d2009----km-y0itaa50------ba 101 0 $aita 102 $aIT 200 1 $a<> taranta$eil primo documento filmato sul tarantismo$fGianfranco Mingozzi$gcommento di Salvatore Quasimodo$gcon un testo di Ernesto de Martino$gprefazione di Giovanni Russo 210 $aCalimera (LE)$cKurumuny$d2009 215 $a107 p.$cfot.$d21 cm.$e1 DVD 300 $aTit. del DVD allegato: La taranta / regia di Gianfranco Mingozzi. 410 0$12001$aFotogrammi$v5 606 1 $aTarantismo$xDocumenti 676 $a398.353$v(22. ed.)$9Folclore. Corpo, personalitą, qualitą, attivitą umane 700 1$aMingozzi,$bGianfranco$036021 702 1$aQuasimodo,$bSalvatore 702 1$aDe Martino,$bErnesto 702 1$aRusso,$bGiovanni 801 0$aIT$bUniversitą della Basilicata - B.I.A.$gRICA$2unimarc 912 $a000029372 996 $aTaranta$992859 997 $aUNIBAS BAS $aLETTERE CAT $aSTD074$b01$c20111111$lBAS01$h0925 CAT $aSTD074$b01$c20111111$lBAS01$h0927 CAT $aSTD074$b01$c20111111$lBAS01$h0927 CAT $aSTD074$b01$c20111111$lBAS01$h1040 CAT $aMDL$b30$c20111220$lBAS01$h0744 CAT $aMDL$b30$c20111220$lBAS01$h0749 CAT $aMDL$b30$c20111220$lBAS01$h0751 FMT Z30 -1$lBAS01$LBAS01$mBOOK$1BASA4$APolo di Matera$2DID$BDidattica$6110329$5L110329$820111220$f04$FPrestabile Didattica LEADER 01354nam1 2200361 450 001 000033339 005 20141111105115.0 100 $a20120921d--------km-y0itaa50------ba 101 0 $agrc 102 $aGB 200 1 $aLuciani Opera$frecognovit brevique adnotatione critica instruxit M. D. Macleod 210 $aOxonii$ce Typographeo Clarendoniano 215 $a4 volumi$d19 cm 225 2 $aScriptorum classicorum bibliotheca Oxoniensis 410 0$12001$aScriptorum classicorum bibliotheca Oxoniensis 463 \1$1001000033340$12001 $aLuciani Opera. Tomus I 463 \1$1001000033341$12001 $aLuciani Opera. Tomus II 463 \1$1001000033342$12001 $aLuciani Opera. Tomus III 463 \1$1001000033343$12001 $aLuciani Opera. Tomus IV 676 $a888.01$v(22. ed.)$9Miscellanea greca classica. Origini-499 ca 700 0$aLucianus$f<120-ca. 180>$0159729 702 1$aMacleod,$bMatthew Donald 801 0$aIT$bUniversitą della Basilicata - B.I.A.$gREICAT$2unimarc 912 $a000033339 996 $aOpera$925572 997 $aUNIBAS CAT $aEXT013$b01$c20120921$lBAS01$h0833 CAT $aEXT013$b01$c20120921$lBAS01$h0850 CAT $aEXT013$b01$c20120921$lBAS01$h0853 CAT $aEXT013$b01$c20140610$lBAS01$h1037 CAT $aEXT013$b01$c20141023$lBAS01$h0935 CAT $aATR$b40$c20141111$lBAS01$h1051 FMT